000 01171cam a22003497a 4500
003 CHAP
005 20220329134832.0
008 971013s1982 r 00010 d
010 _a26699
011 _a27671
035 _a31772
040 _cCHAP
082 _a577
_bK3Y 1978
100 0 0 _aKaplan, R. W.
_962714
245 1 3 _aEl orígen de la vida
_b: la biogenética, un campo de la investigación de la ciencia actual
260 _aMadrid :
_bAlhambra,
_c1982
300 _a414 p.
_b: ilus.
490 0 _aExedra
_v; 127
500 _aTrad. de la 2 ed. en alemán de 1978
590 _aBATCH-UPD
_b10
_c20130110
_lUCH01
_h1816
590 _aBATCH-UPD
_b10
_c20130410
_lUCH01
_h1150
590 _aBATCH-UPD
_b10
_c20130914
_lUCH01
_h1335
590 _aCONVERSION
_b10
_c20130109
_lUCH01
_h1315
650 1 4 _aEvolución.
_939007
650 1 4 _aGenética.
_947469
650 1 4 _aVida
_xOrigen.
_9119147
830 0 _aExedra
_v; 127
_939042
901 _aBK
942 _cLIBRO
949 _a577 K3Y 1978
_bBC
_cLIBRO
_d33724000423562
_eLIBRO
_gI. 126357
_h65900
_i31772
_si
_t4.13
949 _a577 K3Y 1978
_bBC
_cLIBRO
_d33724000429692
_eLIBRO
_fc.2
_gI. 126358
_h65901
_i31772
_si
_t4.13
999 _c26699
_d26699